000 00401nam a2200181Ia 4500
008 151202s9999||||xx |||||||||||||| ||und||
082 _bPNVM-13578
100 _aBELLOCK (L.).
245 _aLOVES REVENGE.
260 _b---
260 _c0
300 _a210
600 _aBELLOCK (L.).
630 _aLOVES REVENGE.
700 _aBELLOCK (L.).
730 _aLOVES REVENGE.
942 _cBOOK
999 _c1279565
_d1279562